000 00295nam a22001337a 4500
008 170216b xxu||||| |||| 00| 0 eng d
020 _a9780075540229
041 _aeng
080 _23RD
_a615
100 _a5
101 _aSHF
245 _aDRUGS IN AMERICAN SOCIETY
_cGOODE, E
942 _2udc
_cBK
999 _c5695
_d5695